000 00704nam a2200229Ia 4500
001 17198
003 GE_BSU
008 181216s||||||||xx |||||||||||||| ||und||
040 _cGE_BSU
080 _a821.161.1-32
100 _aრიბაკოვი, ანატოლი
245 _aუცნობი ჯარისკაცი
245 _bმოთხრობა
245 _cთარგმნა გ. დვალიშვილმა
260 _aთბილისი
260 _bნაკადული
260 _c1976
300 _a177გვ. ; 20სმ.
653 _aმოთხრობა
653 _aუცნობი ჯარისკაცი
942 _cBK
999 _c50260
_d50260